"Hriešni ľudia" mesta prešpuráckeho

Podrobná bibliografia
Hlavný autor: Baláž, Anton, 1943- (Autor)
Médium: Článok
Jazyk:slovenčina
ISSN:1210-1982
Predmet:

MARC

LEADER 00000nab a2200000 a 4500
001 vtls000889885
003 SK-MaSNL
005 20260304000541.0
008 160314c2004 xo mr|p|||||||000 b|slo
015 |a SNBRB2004/11  |2 snkbucl 
038 |a SNKBUCL 
040 |a SNKBUCL  |b slo  |c SNKBUCL  |e AACR2 
041 0 |a slo 
044 |a xo  |c SK 
080 |a 82.09:821.162.4-32  |x (048)  |2 UDC-MRF-SK2 
080 |a 821.162.4-32  |x (048)  |2 UDC-MRF-SK2 
100 1 |a Baláž, Anton,  |d 1943-  |4 aut  |9 103540 
245 1 0 |a "Hriešni ľudia" mesta prešpuráckeho  |c Anton Baláž 
650 0 7 |a slovenské novely  |2 snkbucl  |9 383297 
655 7 |a recenzie  |2 snkbucl  |9 21907 
773 0 |t Knižná revue  |g Roč. XIII, č. 19 (2004), s. 5  |x 1210-1982 
787 0 8 |i Rec.:  |a Jurík, Ľuboš  |t Choď za svojím snom  |d Bratislava : Albert Marenčin - Vydavateľstvo PT, 2004 
852 |a SNK  |b KIS3GCP 
958 |a LX 
958 |a RC 
999 |c 2531778  |d 2533708